000
00285nam a22001337a 4500
008
181102b xxu||||| |||| 00| 0 eng d
020
_a
0130008443
041
_a
eng
080
_a
316
100
_a
50
101
_a
SOC
245
_a
About Thinking
_c
Fearnside, W.W
942
_2
udc
_c
BK
999
_c
51662
_d
51662